Diligencia e Felicidade (Historia de Mulheres Chinesas Acabando com a Pobreza) (Record no. 2182)

MARC details
000 -Etiqueta do registo
Campo de controlo de comprimento fixo 00415 a2200145 4500
020 ## - ISBN (NÚMERO DE LIVRO PADRÃO INTERNACIONAL)
ISBN 978-7-5127-2346-7
040 ## - Fonte de Catalogação
Agência de catalogação Biblioteca Geral- Universidade Lusíada de Angola
082 ## - DEWEY DECIMAL CLASSIFICATION NUMBER
Classificador- CDU 621
100 ## - Nome Pessoal
9 (RLIN) 1012
Autor Departamento de Desenvolvimento de Mulheres
245 ## - Declaração de Título
Título Diligencia e Felicidade (Historia de Mulheres Chinesas Acabando com a Pobreza)
260 ## - Publicação e Destribuíção
Local de edição/distribuição China ,
Editor/distribuidor Mulheres da China
Data de edição/distribuição 2023.
300 ## - Descrição Física
Nº Pág. 270p
650 ## - MATERIA
MATERIA Historia
942 ## - - Elementos de entrada adicionados (koha)
Tipo de documento Livros
Holdings
Withdrawn status Lost status Source of classification or shelving scheme Damaged status Not for loan Permanent Location Current Location Date acquired Inventory number Total Checkouts Full call number Barcode Date last seen Price effective from Koha item type
    Dewey Decimal Classification     Biblioteca Geral- Universidade Lusíada de Angola Biblioteca Geral- Universidade Lusíada de Angola 31/03/2026 16(3)   621 2026-0091 31/03/2026 31/03/2026 Livros
    Dewey Decimal Classification     Biblioteca Geral- Universidade Lusíada de Angola Biblioteca Geral- Universidade Lusíada de Angola 31/03/2026 16(3)   621 2026-0092 31/03/2026 31/03/2026 Livros
    Dewey Decimal Classification     Biblioteca Geral- Universidade Lusíada de Angola Biblioteca Geral- Universidade Lusíada de Angola 31/03/2026 16(3)   621 2026-0093 31/03/2026 31/03/2026 Livros